00668nam a2200193 i 450000100060000000300090000600500170001500700030003200800410003510000440007624500790012025000150019926000340021430000220024870000330027085200320030399900170033595201220035235361ES-MaACL20251122063110.0t|030212s1971 sp ||||1| spa d1 aBorges, Jorge Luis, d1899-1986924252610aLibro del cielo y del infierno / cJorge Luis Borges, Adolfo Bioy Casares. a[1ยช ed.]. aBarcelona : bEdhasa, c1971. a212 p. ; c19 cm.1 aBioy Casares, Adolfo.928953 aES-MaACLjC-40251 bR.76554 c35361d35361 00104070aATENEOMbATENEOMcDEPO2d2008-01-17eSCl0oC-40251p1036993r2023-02-23 00:00:00w2023-02-23yMONOGRAFIA